[Event "Gibraltar Challengers A 2020"]
[Site "Caleta"]
[Date "2020.01.23"]
[Round "4.4"]
[White "Levay, Sorin"]
[Black "Kandic, Milan"]
[Result "1-0"]
[WhiteElo "2192"]
[BlackElo "2132"]
[Annotator "TA"]
[PlyCount "103"]
[EventDate "2020.01.20"]
[EventType "swiss"]
[EventCountry "GGB"]
[SourceTitle "playchess.com"]
[Source "ChessBase"]
[SourceQuality "1"]

{[%evp 9,103,21,21,33,49,25,12,-2,38,37,29,18,20,21,18,22,20,20,87,93,84,14,7,7,0,15,20,7,0,8,43,0,8,-32,45,41,28,54,45,0,0,0,2,-26,62,66,165,121,130,126,130,139,130,139,166,150,139,159,887,894,29989,29990,29992,1104,29993,1097,1097,1070,1023,1022,1020,231,227,214,230,180,207,200,187,187,980,1250,568,1238,1254,1253,1215,1209,1192,1183,1172,1187,1175,1051,1720,1674]} 1. e4 d6 2. d4 Nf6 3. Nc3 e5 4. Nf3 Nbd7 5. Rg1 (5. Bc4 Be7 6. O-O O-O 7. Re1 c6 8. a4 a5 9. h3 Nb6 10. Bf1 exd4 11. Nxd4 d5 12. e5 Ne8 13. Qf3 g6 14. Bh6 Ng7 15. Rad1 Nd7 16. Qe3 Nc5 17. Kh1 {0-1 (55) Predke,A (2676)-Morozevich,A (2659) Moscow 2019}) 5... h6 6. g4 {C41: Philidor Defence} exd4 7. Qxd4 Nc5 8. h3 {The position is equal.} Ne6 $146 ({Predecessor:} 8... Bd7 9. Be3 Bc6 10. g5 Ne6 11. Qd3 hxg5 12. Nxg5 Nxg5 13. Rxg5 g6 14. e5 Nh7 15. Rxg6 dxe5 16. Qf5 Qe7 17. Rxc6 bxc6 18. Bg2 Qd6 19. Rd1 {1-0 (19) Euler,G (2351)-Kunin,V (2548) Germany 2009}) 9. Qd3 Nc5 10. Qe3 Qe7 {[%cal Rc5e4]} 11. e5 dxe5 12. Nxe5 Ncd7 13. f4 c6 (13... Nxe5 $11 14. fxe5 Nd7) 14. Bd2 $16 Qc5 15. Qg3 (15. Nxd7+ $16 Qxe3+ 16. Bxe3 Bxd7 17. O-O-O) 15... Nxe5 $11 16. fxe5 Nd5 17. O-O-O Nxc3 $1 18. Bxc3 Be6 19. a3 a5 20. Be2 (20. Bd4 $5 {[%cal Rd4c5]} Qd5 21. c4 $14) 20... Be7 21. Bd4 Bg5+ (21... Qd5 $1 $15) 22. Kb1 $14 Qd5 {[%csl Ge6][%cal Rd5a2]} 23. b3 Qe4 24. Bf3 Qf4 25. Qg2 O-O-O $132 {[%mdl 2048] Black has counterplay} 26. Bb6 Rxd1+ (26... Qxe5 $11 27. Rge1 (27. Bxd8 Rxd8 28. Rxd8+ Bxd8 $15) 27... Rxd1+ 28. Rxd1 Qb5) 27. Rxd1 {aiming for Bxc6!} Bd8 ({Better is} 27... Kb8 $1 $14) 28. Bd4 {Black must now prevent Bxc6!} Bd7 29. Be4 $1 Qg5 30. Qf2 {Threatens to win with Bc3.} Be6 31. Bc3 Kb8 32. Qc5 {Strongly threatening Bd4.} Qe7 33. Rd6 $1 Bc7 $2 (33... Qc7 $16) 34. Bd4 $1 $18 Bxd6 35. exd6 {[%mdl 64] Discovered Attack} Qd8 36. Qa7+ Kc8 {[#]} 37. Qa8+ (37. Bxc6 $142 $1 {[%mdl 512]} Qc7 (37... bxc6 38. Be5) 38. dxc7 bxc6 39. Bc5 h5 40. Qb8+ Kd7 41. c8=B+ $1 {[%mdl 512]} Rxc8 42. Qd6+ Ke8 43. Qe7#) 37... Kd7 38. Qxb7+ {[%mdl 64] Double Attack} Kxd6 39. Qxc6+ Ke7 40. Bxg7 $2 (40. Bc5+ Kf6 41. Bd6 Qxd6 42. Qxd6) 40... Qd1+ {[#]} 41. Kb2 $1 Rc8 42. Qb7+ Qd7 43. Qb6 ({Much less strong is} 43. Bxh6 $6 Qxb7 44. Bxb7 Rh8 $14) 43... Qc7 44. Qd4 Qd6 $2 (44... Ke8 45. Bxh6 Qc5) 45. Bf6+ {White is clearly winning.} Kd7 46. Qa4+ {[%mdl 64] Double Attack} Kc7 47. Qxa5+ Kd7 48. Qb5+ Rc6 49. Qxc6+ Qxc6 50. Bxc6+ Kxc6 51. c4 h5 52. gxh5 {Accuracy: White = 68%, Black = 48%.} 1-0

[Event "Gibraltar Challengers A 2020"]
[Site "Caleta"]
[Date "2020.01.23"]
[Round "4.5"]
[White "Ask, Josef"]
[Black "Ungureanu, Sandu"]
[Result "1-0"]
[WhiteElo "2174"]
[BlackElo "2066"]
[Annotator "TA"]
[PlyCount "108"]
[EventDate "2020.01.20"]
[EventType "swiss"]
[EventCountry "GGB"]
[SourceTitle "playchess.com"]
[Source "ChessBase"]
[SourceQuality "1"]

{[%evp 9,108,-22,17,17,95,55,72,15,204,12,2,-55,-37,-56,-64,-56,8,10,67,69,45,62,56,17,21,40,58,46,43,41,48,51,94,102,90,95,128,143,130,126,146,137,156,150,147,125,144,127,162,161,166,135,134,127,182,185,185,186,258,263,352,350,404,392,324,324,486,477,444,210,210,202,351,299,266,249,274,274,259,252,244,215,240,233,479,395,434,418,636,629,562,523,770,670,4702,1580,1916,1508,1960,1839,939]} 1. Nf3 d5 2. g3 c5 3. Bg2 Nc6 4. O-O e5 5. d3 f5 6. c4 {A08: King's Indian Attack} dxc4 (6... d4 $1 $11) 7. Qa4 {aiming for Nxe5.} Bd6 {[#]} 8. Ng5 $146 (8. dxc4 $6 e4 $11) (8. Nfd2 $1 $16 Nge7 9. Nxc4) ({Predecessor:} 8. Qxc4 Qe7 9. Nc3 Nf6 10. Bg5 Be6 11. Bxf6 gxf6 12. Qa4 O-O 13. Qh4 a6 {1-0 (68) Lomakina,G (2119)-Ushakov,A (2061) Tambov 2016}) 8... Be7 $2 (8... Bd7 $11 {and Black is okay.}) 9. Nc3 $2 (9. dxc4 Bd7 $15) (9. Bxc6+ $18 bxc6 10. Qxc6+ {[%mdl 64] Double Attack} Bd7 11. Qd5 {[%mdl 64] Double Attack}) 9... Bd7 $11 10. f4 (10. Nf3 $1 $11) 10... exf4 $15 11. gxf4 h6 12. Nf3 Nb4 ({Black should play} 12... cxd3 $15 13. exd3 Nf6) 13. Qd1 $40 {[%mdl 128] Black needs to defend precisely.} Bc6 (13... cxd3 $11 14. Ne5 {[%mdl 64] Discovered Attack} Bf6) 14. a3 $1 $14 Nd5 15. Ne5 Nxc3 $1 16. Bxc6+ bxc6 17. bxc3 Bf6 18. Qa4 Ne7 19. Qxc4 {[%csl Ge5][%cal Rc4f7]} (19. dxc4 Qd6 $17) 19... Qd5 $1 20. Be3 Bxe5 21. fxe5 Qxc4 22. dxc4 O-O 23. Bxc5 Rfe8 24. Rab1 Ng6 25. Rxf5 Rxe5 26. Rxe5 Nxe5 $16 {[%mdl 4096] Endgame KRB-KRN} 27. Rb7 Nxc4 28. Bd4 ({But not} 28. Rxa7 $6 Rxa7 29. Bxa7 Nxa3 $11) 28... g5 29. Rg7+ ({Resist} 29. Bxa7 $6 Nxa3 30. Bd4 Re8 $14) ({Not} 29. Rxa7 Rxa7 30. Bxa7 Nxa3 $11) 29... Kf8 30. Rh7 Re8 31. Kf2 Nxa3 (31... Re6 $16) 32. Rxh6 $18 Nb5 33. Rxc6 Re4 {[#]} (33... Ke7 $142 34. e3 Kd7) 34. e3 $1 Kf7 35. Rf6+ Ke7 {White must now prevent ...Rxd4.} 36. Rf5 Nd6 37. Rxg5 Ke6 (37... a6 $142 38. Ra5 Re6) 38. Ra5 Rh4 39. Rxa7 (39. Kg3 $142 Rh7 40. h4) 39... Rxh2+ 40. Kf3 {Ra6 is the strong threat.} Rc2 (40... Rh3+ {keeps fighting.} 41. Ke2 Nc4) 41. Ra6 Kd7 42. Ra5 Ke6 43. e4 Rc1 44. Ra6 {Strongly threatening e5.} Kd7 45. Rb6 Re1 46. e5 Nc4 $2 (46... Nc8 47. Rh6 Ne7) 47. Rb5 Ke6 {[%cal Rc4e5]} 48. Kf4 Rf1+ (48... Ra1 $142 49. Ke4 Rd1) 49. Ke4 {White is clearly winning.} Rd1 50. Rc5 {Threatens to win with Rc6+.} Nd2+ 51. Ke3 Nb3 52. Rc6+ Kf5 53. Rf6+ Kg5 54. Rb6 Na5 {Accuracy: White = 70%, Black = 22%.} 1-0

[Event "Gibraltar Challengers A 2020"]
[Site "Caleta"]
[Date "2020.01.23"]
[Round "4.6"]
[White "Mihajlov, Svetoslav"]
[Black "Sousa, Ludy Helsio Paulo"]
[Result "0-1"]
[WhiteElo "2173"]
[BlackElo "2247"]
[Annotator "TA"]
[PlyCount "68"]
[EventDate "2020.01.20"]
[EventType "swiss"]
[EventCountry "GGB"]
[SourceTitle "playchess.com"]
[Source "ChessBase"]
[SourceQuality "1"]

{[%evp 9,73,3,30,22,24,15,11,0,10,0,0,0,0,0,13,0,60,64,66,70,74,67,69,-4,59,50,62,69,73,65,91,75,101,106,95,91,87,87,80,64,85,0,102,14,14,18,13,-109,-134,-100,-102,-233,-189,-372,-377,-29992,-35,-480,-25,-273,-203,-472,-462,-484,-426,-1037]} 1. d4 Nf6 2. Nf3 g6 3. c4 c5 4. d5 b5 5. a4 bxc4 6. Nc3 {A57: Benko/Volga Gambit} d6 7. Nd2 Bg7 (7... Ba6 8. e4 Bg7 9. Bxc4 O-O 10. O-O Bxc4 11. Nxc4 Nbd7 12. Qe2 Nb6 13. Na3 Rb8 14. Rd1 Qd7 15. Qb5 Qxb5 16. axb5 Rb7 17. Bf4 Nfd7 18. Ra2 f5 19. Bg5 {½-½ (38) Piket,J (2640)-Van Wely,L (2645) Monte Carlo 1997}) 8. e4 {The position is equal.} O-O 9. Be2 e6 10. Nxc4 (10. Bxc4 exd5 11. Nxd5 Nc6 $15) 10... exd5 11. exd5 Re8 12. O-O Ba6 $146 ({Black should try} 12... Ne4 $11 13. Nxe4 Rxe4) ({Predecessor:} 12... Na6 13. Bf3 Nb4 14. Bf4 Bf8 15. Nb5 Ne4 {½-½ (30) Brondum,E (2100)-Christensen,E (2002) Valby 2007}) 13. Nb5 $1 $14 Bf8 14. Bf3 Bxb5 15. axb5 Nbd7 16. Na5 ({Better is} 16. Ra6 $14) 16... Qb6 (16... a6 $11) 17. Be2 $1 Qc7 18. Nc6 Nb6 19. Bf3 h6 20. g3 Bg7 21. h4 Qd7 22. Bf4 Bf8 23. Qd3 c4 24. Qd2 Qf5 {[%cal Rf6d5]} 25. Rfd1 ({White should play} 25. Nd4 $1 $16 {[%cal Rd4f5]} Qd3 26. Rfd1 Qxd2 27. Rxd2 (27. Bxd2 Nfd7 $14)) 25... Nbxd5 (25... Ne4 $1 $11 {keeps the balance.} 26. Bxe4 Qxe4) 26. Bxd5 (26. Nd4 $16 Qh3 27. Nc6 (27. Bxh6 Bxh6 28. Qxh6 Ng4 $11)) 26... Nxd5 $11 27. Bxh6 (27. Qxd5 $2 Re1+ 28. Kg2 Qxd5+ 29. Rxd5 Rxa1 $19) 27... Bxh6 28. Qxh6 {[#]} (28. Qxd5 $11 Qxd5 29. Rxd5) 28... Re2 $1 $17 {[%csl LRb2,LRf2][%mdl 576] Double Attack} 29. Rf1 {Nd4 is the strong threat.} Rxb2 30. Rac1 (30. h5 $17 Qxh5 31. Qxh5 gxh5 32. Rfd1) 30... c3 31. Rxc3 $2 (31. Rce1 {was called for.}) 31... Re8 $1 $19 32. Ra3 $2 {[#]} (32. Rcc1 $19 Ree2 33. h5 (33. Nxa7 {is a self mate.} Rxf2 34. Rc8+ Qxc8 35. Rxf2 Qc5 {[%mdl 64] Double Attack} 36. Qxg6+ fxg6 37. Kh2 Qxf2+ 38. Kh3 Qf1+ 39. Kg4 Qf5#) 33... Rxf2 34. hxg6 fxg6 35. Nd4 Rg2+ {[%mdl 64] Double Attack} 36. Kh1 Rh2+ {[%mdl 64] Decoy} 37. Qxh2 Rxh2+ 38. Kxh2 Qh5+ 39. Kg2 Ne3+ {[%mdl 64] Double Attack} 40. Kf2 Nxf1 41. Rxf1) 32... Qh3 $2 (32... Re1 $1 {[%mdl 512] mates} 33. Kg2 (33. Rxe1 Qxf2+) 33... Rxf1 34. Qxg6+ fxg6 35. Ne7+ Nxe7 36. Rf3 Rfxf2+ 37. Rxf2 Rxf2+ 38. Kg1 Rb2 39. Kh1 Qf1#) 33. Rf3 $2 {[%mdl 8192] [#]} ({Wrong is} 33. Rxa7 $2 Rbe2 $19) (33. Nd4 $1 $15) 33... Qg4 $2 (33... Rbe2 $1 $19 {[%cal Re2e1] ( -> ...Re1)} 34. Rxf7 Kxf7 35. Qh7+ Kf6 36. Qxa7 Qg4 37. Qa1+ Kf7) 34. Kg2 $2 (34. Ra3 $11) 34... Qe4 {Played: Rb2-e2} 0-1

[Event "Gibraltar Challengers A 2020"]
[Site "Caleta"]
[Date "2020.01.23"]
[Round "4.7"]
[White "Oragwu, Chukwunonso"]
[Black "Dolzhikova, Olga"]
[Result "0-1"]
[WhiteElo "2220"]
[BlackElo "2123"]
[Annotator "TA"]
[PlyCount "54"]
[EventDate "2020.01.20"]
[EventType "swiss"]
[EventCountry "GGB"]
[SourceTitle "playchess.com"]
[Source "ChessBase"]
[SourceQuality "1"]

{[%evp 11,54,0,28,9,25,0,26,29,32,0,2,0,-6,-18,8,-66,9,8,10,7,7,8,45,40,41,48,50,39,45,23,0,-57,-47,-59,-37,-77,-56,-914,-898,-841,-550,-564,-557,-29983,-29984]} 1. e4 g6 2. Nc3 Bg7 3. g3 c5 4. Bg2 Nc6 5. Nge2 d6 6. d3 Nd4 7. h3 {B25: Closed Sicilian: 3 g3, lines without early Be3} (7. O-O e6 8. Nxd4 cxd4 9. Ne2 Ne7 10. c3 dxc3 11. bxc3 O-O 12. d4 b6 13. h4 Ba6 14. Re1 Rc8 15. h5 Bxe2 16. Rxe2 Rxc3 17. h6 Bf6 {1-0 (41) Jakab,B (2290)-Skreno,V (2162) Slovakia 2018}) 7... Bd7 8. a4 $146 ({Predecessor:} 8. f4 Rb8 9. Nd5 e6 10. Ne3 f5 11. c3 Nxe2 12. Qxe2 Qe7 13. exf5 exf5 14. Nd5 Qxe2+ 15. Kxe2 {1-0 (41) Sithole,C (1909)-Dykema,J (1406) Boksburg 2018}) 8... Bc6 9. O-O {White has an edge.} e6 10. Nf4 Qd7 11. h4 Ne7 12. Bh3 O-O 13. Be3 (13. Ncd5 $11) 13... b6 (13... f5 $15) 14. Ncd5 $1 $11 Bb7 {[%cal Re7d5]} 15. c3 Ndc6 16. h5 f5 17. Nxe7+ Nxe7 18. hxg6 hxg6 19. Bg2 e5 20. Qb3+ d5 21. Nxd5 ({White should try} 21. Nh3 $11) 21... Nxd5 $15 22. exd5 {[#] Hoping for a5.} f4 $36 {[%mdl 2048] Black is pushing.} 23. d6+ $1 Kh7 24. Bxc5 $2 {[%mdl 8192]} (24. Bxb7 $15 Qxb7 25. Bd2) 24... f3 $19 25. Bh1 bxc5 26. Rfe1 Rf5 {[#] White must now prevent ...Rh5.} 27. Re3 Rh5 {Accuracy: White = 34%, Black = 55%.} 0-1

[Event "Gibraltar Challengers A 2020"]
[Site "Caleta"]
[Date "2020.01.23"]
[Round "4.8"]
[White "Vinas Guerrero, Carlos A."]
[Black "Yanev, Pavel"]
[Result "0-1"]
[WhiteElo "2092"]
[BlackElo "2200"]
[Annotator "TA"]
[PlyCount "74"]
[EventDate "2020.01.20"]
[EventType "swiss"]
[EventCountry "GGB"]
[SourceTitle "playchess.com"]
[Source "ChessBase"]
[SourceQuality "1"]

{[%evp 9,74,56,61,25,25,30,86,86,100,47,57,6,-7,0,37,-15,0,0,0,-20,0,-1,0,0,0,-101,-95,-135,-11,-411,-403,-1020,-1002,-1806,-1800,-1787,-1796,-1793,-1776,-1681,-1609,-1498,-800,-795,-785,-940,-475,-700,-706,-1710,-644,-644,-618,-2241,-2114,-29973,-29975,-29975,-29976,-29970,-11768,-29975,-29972,-5893,-5585,-5506,-1073]} 1. e4 Nc6 2. Nf3 d6 3. d4 g6 4. c3 Nf6 5. Bd3 e5 6. dxe5 {C44: Ponziani Opening and Scotch Gambit} (6. O-O Bg7 7. Nbd2 O-O 8. Re1 exd4 9. cxd4 a5 10. Bb5 Bd7 11. h3 Re8 12. a3 a4 13. Rb1 d5 14. e5 Ne4 15. Nxe4 dxe4 16. Bg5 {½-½ (53) Kuzubov,Y (2664)-Onischuk,V (2633) Chornomorsk 2019}) 6... dxe5 7. O-O Bc5 $146 (7... Bg7 $11 {keeps the balance.}) ({Predecessor:} 7... Bg7 8. Na3 O-O 9. Bg5 h6 10. Bh4 Qe8 11. Bxf6 Bxf6 12. Qe2 {½-½ (12) Vujakovic,B (2370)-Muse,M (2448) Rabac 2004}) 8. b4 $16 {White is better.} Bb6 9. b5 (9. a4 $16 {Threatens to win with a5.} a6 10. Na3) 9... Na5 $1 $14 10. Ba3 (10. Nxe5 $14 O-O 11. Nf3) 10... Nh5 $11 11. Nxe5 Qf6 12. Nc4 (12. Nf3 $14) 12... Nf4 13. Nxb6 axb6 14. g3 Nh3+ 15. Kg2 $132 {[%mdl 2048] aiming for f4. White is fighting back} Be6 16. f4 {Black must now prevent Qe2.} O-O-O 17. Qe2 {[#]} (17. Qc2 $1 $11) 17... Rd7 $1 $17 {[%mdl 1024] Black has strong compensation.} 18. e5 {[#]} Qd8 (18... Qg7 $1 $17 19. Be4 g5) 19. Rd1 $2 {[%mdl 8192]} (19. f5 $1 $11 {and White has nothing to worry.} gxf5 20. Bxf5) 19... h5 $19 {And now ...Bg4 would win.} 20. Rd2 (20. Nd2 $142 Rxd3 21. Ne4) 20... h4 {...hxg3 is the strong threat.} 21. Be4 hxg3 22. hxg3 {[#]} Nxf4+ $1 {[%mdl 576] Deflection} 23. gxf4 Qh4 {( -> ...Qh1+)} 24. Kg1 Qg3+ 25. Bg2 Qh2+ 26. Kf2 Bh3 27. Ke1 Rxd2 28. Nxd2 (28. Bxh3+ $142 Qxh3 29. Nxd2 (29. Kxd2 $2 {loses.} Qf5 $19) 29... Qxc3 {[%mdl 64] Double Attack} 30. Qg4+ Kb8 31. Rd1 Qxa3 32. Nf1) 28... Bxg2 29. Rc1 Rd8 (29... Qg1+ $142 30. Nf1 Rh3) 30. Qf2 Qh3 31. Bb4 Qh1+ 32. Nf1 Bxf1 33. Qxf1 Qe4+ 34. Qe2 Qxf4 35. Rd1 Qh4+ 36. Kf1 Qh1+ 37. Kf2 Qxd1 {Accuracy: White = 15%, Black = 52%.} (37... Rxd1 $142 38. Bxa5 Qg1+ 39. Kf3 bxa5) 0-1

[Event "Gibraltar Challengers A 2020"]
[Site "Caleta"]
[Date "2020.01.23"]
[Round "4.9"]
[White "Ruperez, Miguel"]
[Black "Ajele, Rotimi"]
[Result "1-0"]
[WhiteElo "2126"]
[BlackElo "2188"]
[Annotator "TA"]
[PlyCount "151"]
[EventDate "2020.01.20"]
[EventType "swiss"]
[EventCountry "GGB"]
[SourceTitle "playchess.com"]
[Source "ChessBase"]
[SourceQuality "1"]

{[%evp 15,150,0,4,1,4,-9,33,35,33,26,45,34,72,43,58,48,52,58,59,47,80,36,67,69,77,50,85,76,96,45,39,18,47,45,122,93,103,98,98,100,93,102,130,126,262,207,217,159,153,147,158,161,161,108,101,101,102,102,109,109,147,122,181,181,181,174,174,174,174,174,182,180,181,176,233,179,285,0,0,0,339,181,273,179,172,154,149,126,258,258,259,212,205,248,401,401,386,376,389,330,326,333,598,362,591,564,518,307,276,311,335,304,2537,2249,29978,29979,29979,29980,29979,29979,29979,29980,29980,29980,29981,29982,29982,29983,29993,29982,29994,29995,29995,29996,29996,29997,29997]} 1. Nf3 Nf6 2. g3 g6 3. b3 Bg7 4. Bb2 d5 5. c4 c6 6. Bg2 O-O 7. d3 Re8 8. O-O Nbd7 9. cxd5 {A11: English Opening: 1...c6} (9. Nbd2 e5 10. cxd5 cxd5 11. Rc1 b6 12. Qc2 Ba6 13. b4 Bh6 14. Rfd1 Rc8 15. Qa4 Rxc1 16. Bxc1 Qc8 17. Nb3 Bf8 18. Bg5 Bb7 {1-0 (53) Kokarev,D (2624)-Ponkratov,P (2624) Khanty-Mansiysk 2014}) 9... cxd5 10. Nc3 Nb6 11. Rc1 {White is slightly better.} a6 $146 ({Predecessor:} 11... e5 12. Nb5 e4 13. dxe4 dxe4 14. Ng5 Nfd5 15. Bxg7 Qxg5 16. Bb2 Qe7 17. Qd4 f6 18. Ba3 Qe5 19. Qxe5 Rxe5 20. Nd6 f5 21. Rfd1 a5 22. Bb2 {1-0 (23) Moskow,E (2235)-Gross,D (2280) New York 1993}) 12. d4 Bg4 13. Ne5 Be6 14. Nd3 Bd7 15. e3 Rc8 16. h3 Bf8 17. Qe2 Rc7 18. Kh2 Bf5 19. Ne5 $1 Qd6 20. g4 Be6 21. f4 Rec8 22. Kh1 (22. Bf3 $16) 22... Bd7 $14 23. Rfd1 Be8 24. Bf3 Qb4 (24... e6 $14) 25. Nd3 $36 {[%mdl 2048] White is on the roll.} Qd6 26. g5 Ne4 27. Nxe4 dxe4 28. Bxe4 Qe6 29. Qf3 Nd7 (29... Rxc1 $16 30. Rxc1 (30. Nxc1 Bd7 $16) 30... Rxc1+ 31. Bxc1 (31. Nxc1 Bc6 $16) 31... Qc8) 30. Rxc7 Rxc7 31. Rc1 Rxc1+ 32. Bxc1 b6 33. Ba3 b5 34. Nc5 (34. Kg2 $18) 34... Qb6 $16 35. Bb4 a5 36. Nxd7 Bxd7 37. Bc5 Qe6 38. Kh2 {aiming for Bd5.} a4 (38... b4 $16 {keeps fighting.} 39. h4 h5) 39. Bd5 $18 Qa6 40. Bb7 Qa5 {[#]} 41. b4 $1 {[%cal Rb4a5]} Qc7 42. a3 Be8 43. Be4 Qd7 44. Kg3 Qc7 (44... h6 $142 45. h4 e6) 45. Ba8 Qd7 (45... Qc8 $142 46. Be4 Bg7) 46. Qb7 $2 ({White should play} 46. d5 $18) 46... Qe6 $11 47. Qe4 {Black must now prevent Qxe6.} Qd7 $2 {[%mdl 8192]} (47... Qb3 $11 {and Black is okay.}) 48. Qf3 (48. d5 $142 {Threatens to win with Qe5.} Qc8 49. Bc6 (49. Bxe7 Bxe7 50. Qxe7 Qxa8 $15)) 48... Qe6 (48... Qc8 $142 49. Be4 Qe6) 49. Bd5 Qd7 50. Ba2 Qc8 51. Qd5 Qc7 (51... e6 $16 52. Qe4 Bc6) 52. Qe5 $18 Qb7 53. d5 {White threatens Bd4 and mate.} Bg7 54. Qe4 ({Don't do} 54. Qxe7 Qxe7 55. Bxe7 Bb2) 54... Bf8 $2 (54... Kf8 {might work better.} 55. h4 Qd7) 55. h4 Qd7 56. h5 gxh5 {[#]} 57. f5 $1 Qc7+ 58. Qf4 Qd7 $2 (58... Qxf4+ {is a better defense.} 59. Kxf4 h4) 59. Bd4 Bg7 $2 (59... h6 60. f6 (60. gxh6 f6 $16) 60... Qg4+ 61. Qxg4 hxg4 62. fxe7 Bxe7 63. gxh6 Kh7 64. Bb1+ Kxh6 65. Kxg4 Bd8) 60. f6 Bf8 61. fxe7 Bxe7 {intending ...Bd6.} 62. e4 Qd8 63. Bf6 ({Wrong is} 63. Qe5 $2 Bd6 $19) 63... Bd7 $2 (63... Qd7 64. Bb1 Bd8) 64. d6 Bxf6 65. gxf6 {White mates.} Qf8 66. Qg5+ Kh8 67. Kh4 Bg4 68. Bd5 Bd7 69. Kxh5 Qg8 70. Qxg8+ Kxg8 {KB-KB} 71. Kh6 Kh8 72. Ba2 Bc6 73. Bxf7 Bd5 74. d7 {[%cal Rd7d8]} Bxf7 75. d8=Q+ Bg8 {Accuracy: White = 60%, Black = 34%.} 76. Qe7 1-0

[Event "Gibraltar Challengers A 2020"]
[Site "Caleta"]
[Date "2020.01.23"]
[Round "4.10"]
[White "Galvan, Jesus"]
[Black "Vila Dupla, Aurelio"]
[Result "1-0"]
[WhiteElo "2180"]
[BlackElo "2092"]
[Annotator "TA"]
[PlyCount "83"]
[EventDate "2020.01.20"]
[EventType "swiss"]
[EventCountry "GGB"]
[SourceTitle "playchess.com"]
[Source "ChessBase"]
[SourceQuality "1"]

{[%evp 24,83,6,10,12,19,14,-12,-17,-18,34,24,22,7,30,35,19,21,163,162,170,150,179,165,161,160,200,209,297,282,382,420,464,429,488,456,547,93,75,90,188,218,209,195,383,254,339,337,416,156,387,257,252,243,376,380,382,263,355,354,330,311]} 1. d4 Nf6 2. c4 g6 3. Nc3 d5 4. cxd5 Nxd5 5. e4 Nxc3 6. bxc3 Bg7 7. Bc4 c5 8. Ne2 O-O 9. O-O Nc6 10. Be3 Bg4 11. f3 Na5 12. Bd5 Bd7 13. Rb1 Qc7 {D87: Exchange Grünfeld: Classical Line: Variations without ...cxd4} 14. Bf4 (14. dxc5 e6 15. Bb3 Bb5 16. Qc2 Rfd8 17. c4 Ba6 18. Nc3 Bxc4 19. Bxc4 Nxc4 20. Nb5 Nxe3 21. Nxc7 Nxc2 22. Nxa8 Rxa8 23. Rxb7 {1-0 (54) Zhou,W (2610)-Li,C (2656) Danzhou 2011}) 14... Qc8 15. a3 e6 {The position is equal.} 16. Ba2 {[#]} Rd8 $146 ({Black should try} 16... b6 $11) ({Predecessor:} 16... b6 17. Qd3 Ba4 18. d5 c4 19. Qd2 exd5 20. Rb4 b5 21. exd5 {1-0 (43) Granda Zuniga,J (2540)-Dorfman,J (2520) Havana 1988}) 17. Bg5 $14 f6 18. Bf4 Kh8 19. Qe1 b6 20. e5 f5 {[#]} (20... fxe5 $11 21. Bxe5 Bxe5 22. dxe5 c4) 21. Bg5 $1 $18 Rf8 22. Nf4 c4 23. h4 Be8 24. h5 {Hoping for h6.} gxh5 25. Qh4 Qd7 (25... Nb3 $142 26. Bxb3 (26. Nxh5 Bxh5 27. Qxh5 Qe8 $16) 26... cxb3) 26. Rfe1 ({Not} 26. Nxh5 Bxh5 27. Qxh5 Qe8 $16) 26... Bg6 27. Rbd1 Rae8 28. d5 exd5 29. e6 Qd6 30. Nxd5 $2 (30. e7 $18 Qc5+ 31. Kh1) 30... Rxe6 $16 31. Be7 {[%mdl 64] Double Attack} Rxe1+ (31... Rxe7 $16 {was necessary.} 32. Qxe7 Qb8) 32. Qxe1 $18 Qb8 33. Bxf8 Qxf8 $2 (33... Bxf8 34. Bb1 Nc6) 34. Nf4 Bf6 35. Rd7 Bf7 36. Nd5 $2 (36. Ne6 $18 {is more deadly.} Qg8 {[#]} 37. Rd8 $3 {[%mdl 512]} Bxe6 38. Rxg8+ Bxg8 39. Bb1) 36... Bg7 $2 (36... Bxd5 $16 37. Rxd5 Qf7) 37. Qe7 Qxe7 38. Nxe7 {Strongly threatening Rd8+.} Bxc3 (38... Bf8 {keeps fighting.} 39. Rd8 (39. Rxa7 Kg7 $18) 39... Kg7) 39. Nxf5 Bg8 40. Nh6 Be6 41. Re7 Bd5 42. Bb1 {Accuracy: White = 65%, Black = 18%.} ({Less strong is} 42. Rxa7 Be5 $18) 1-0